000 00957cam a22002534a 4500
005 20240404161229.0
008 080605s2008 cauab b 001 0 eng
010 _aB-758556-575
020 _a9788178298665
_c750.00
035 _aB-758556-575
037 _bGift
082 _a614.5490954
100 _aChaturvedi, Gitanjali.
_964315
245 _aThe vital drop :
_bcommunication for polio eradication in India /
_cby Gitanjali Chaturvedi.
260 _aNew Delhi
_bSAGE Publications,
_c2008.
300 _axviii, 319p.:
_bphotos
_c22 cm (Hb)
504 _aIncludes glossary, bibliographical references and index.
650 _aPoliomyelitis
_zIndia
_xPrevention.
_964316
650 _aMass media in health education
_zIndia.
_964317
650 _aCommunication in medicine
_zIndia.
_964318
650 _aHealth education
_zIndia.
_964319
942 _2ddc
_cEN
_h614.5490954
_mCHA
999 _c201939
_d201939